| 000 | 00459nam a2200193Ia 4500 | ||
|---|---|---|---|
| 003 | 0100 | ||
| 008 | 130303s9999 xx 000 0 und d | ||
| 040 | _cARRUPELIB | ||
| 050 | _aB65.P26 | ||
| 100 | _aD'entreves, Alessandro Passerin | ||
| 245 | _aNatural law | ||
| 245 | _ban introduction to legal philosophy | ||
| 260 | _aLondon | ||
| 260 | _bHutchinson University Library | ||
| 260 | _C1951 | ||
| 300 | _a126p. | ||
| 300 | _b 18cm. | ||
| 942 | 0 | 0 | _01 |
| 999 |
_c55681 _d55681 |
||